| 000 | 02898nam0a2200409 4500 | ||
|---|---|---|---|
| 001 | RU\NLR\BIBL_A\021957331 | ||
| 005 | 20260407121742.0 | ||
| 035 | _a(NLR Aleph) 021957331 | ||
| 090 |
_a12305708 _c12305708 |
||
| 100 | _a20210916d1905 |||y0rusy50 ca | ||
| 101 | 0 | _arus | |
| 102 | _aRU | ||
| 105 | _ay z 000yy | ||
| 181 | 0 |
_ai _baxxe |
|
| 182 | 0 | _an | |
| 200 | 1 |
_aО вознаграждении потерпевших вследствие насчастных случаев рабочих и служащих, а равно членов семейств сих лиц, в подведомственных Главному управлению торгового мореплавания и портов казенных предприятиях _eв Государственный Совет _fГлавное управление торгового мореплавания и портов. Отдел торгового мореплавания. Отделение III. Стол 2. 12 июля 1905 года. № 3222 |
|
| 203 |
_aТекст _bвизуальный _cнепосредственный |
||
| 210 |
_a[Санкт-Петербург _cб. и.] _d1905 |
||
| 215 |
_a47 с. _d34 |
||
| 300 | _aВ конце текста: Подписал: Главноуправляющий торговым мореплаванием и портами Александр Михайлович; Скрепил: Начальник Отдела Д. Казицын | ||
| 309 | _aБез тит. л. и обл. | ||
| 316 |
_aЭкз. РНБ входит в конволют: Материалы. Т. 42 (1906) / Россия. Государственный совет. Департамент промышленности, наук и торговли _5NLR |
||
| 517 | 1 | _aМатериалы. Т. 42 (1906) | |
| 606 | 1 |
_aНесчастные случаи на производстве _jДокументы и материалы _xСоциальное страхование _yРоссия _92419847 _3RU\NLR\AUTH\661441165 |
|
| 686 | 3 | _aУ27(28)121.2,011 | |
| 686 | 3 | _aХ879(2)62,011 | |
| 702 | 0 |
_4720 _8rus _7ca _aАлександр Михайлович _f1866-1933 _cвеликий князь _3RU\NLR\AUTH\779063 _9118931 |
|
| 702 | 1 |
_aКазицын _bД. _4720 |
|
| 711 | 0 | 1 |
_aРоссия _bГосударственный совет _3RU\NLR\AUTH\889948587 _9392796 |
| 711 | 0 | 1 |
_aРоссия _bГлавное управление торгового мореплавания и портов _3RU\NLR\AUTH\889957010 _9410114 |
| 712 | 0 | 1 |
_4570 _aРоссия _bГлавное управление торгового мореплавания и портов _bОтдел торгового мореплавания _3RU\NLR\AUTH\889957016 _9410127 |
| 852 |
_aNLR _j135/295-42(64) |
||
| 942 | _cBOOK | ||
| 980 | _aNB | ||